00271nam a2200097Ia 4500008004100000082001200041100001800053245008400071260000900155300000900164190415s9999 xx 000 0 und d aRL.0011 aLallan Prasad 0aProblems of unorganized sector : An empirical study of zari industry of Banaras c1985 av.p.